000 00794nas a2200277 4500
001 BR0505409
003 BR-BrBNA
005 20231205105720.0
007 ta
008 230509b bl.|||p| |||| 00| 00por d
040 _aBR-BrBNA
_bpor
_cBiblioteca Nacional de Agricultura
041 _a(Pt)
072 _aH20
100 1 _aVidal, C.A.
100 1 _aNascimento, A.S. do
100 1 _aHabibe, T.C.
245 1 _aTransmissão do vírus da meleira do mamoeiro ("Papaya sticky disease vírus")por insetos
650 _aMAMÃO
650 _aVIRUS
650 _aMOSCA BRANCA
650 _aVETOR
650 _aPULGÃO
773 0 _tMagistra (Brazil)
_xISSN 0102-5333
_g(May-Aug 2005), v. 17(2) p. 101-106
_wBR0505409
909 _a202311
_bLúcia
_c55
_dLúcia Elande
942 _2AGRIS
_n0
_cANA
999 _c184312
_d184312